000 00234nam a2200097Ia 4500
001 712045
005 20250826162820.0
008 250824s9999 xx 000 0 und d
245 0 _aRÜYA YOLCUSU
_cNAZLI ERAY
260 _bEVEREST YAYINLARI
999 _c712045
_d712045